'Plant-Infested' Authors! Quiz Stats

 Plays Quiz Updated May 29, 2016

Challenge
Share
Tweet
Embed
Score 0/24 Timer 07:00
3 Plays Today
% Correct
Dr. Spruce
94.8%
Lewisteria Carroll
92.3%
Arthur Coniine Doyle
88.5%
Jasmine Austen
87.6%
Jules Fern
87.6%
Myrrhy Shelley
86.3%
Laurel Ingalls Wilderness
81.6%
Willow Shakespeare
81.2%
Stieg Larssunflower
79.7%
Douglas Firs
79.2%
Suzanne Cottons
77.9%
Forest Hemingway
74.9%
% Correct
Agatha Chrysanthemum
74.3%
Tennecedar Williams
72.3%
Daniel Daffodil
72.1%
Tulip Capote
71.1%
John Pinebeck
67.9%
James Sycamore Cooper
63.3%
Dale Carnation
61.6%
Zinnia Hurston
55.7%
Walnut Whitman
54.4%
Nathaniel Hawthorn
53.8%
Sumac Grafton
53.2%
Henry David Thorntree
51.4%

You're not logged in!

Compare scores with friends on all Sporcle quizzes.
OR
Log In

You Might Also Like...

Show Comments

Extras

Top Quizzes Today


Score Distribution

Your Account Isn't Verified!

In order to create a playlist on Sporcle, you need to verify the email address you used during registration. Go to your Sporcle Settings to finish the process.

Report this User

Report this user for behavior that violates our Community Guidelines.

Details: